000 00970pam a2200301 a 4500
001 4835260
003 GBCCL
005 20241126110338.0
008 900430s1990 tnu 000 0aeng
010 _a 90037902
020 _a8176610399
040 _aDLC
_cDLC
_dDLC
043 _an-us---
050 0 0 _aBX8762.Z8
_bH55 1990
082 0 0 _a289.94092
_aB
_220
_bHIN
100 1 _aHinn, Benny.
245 1 0 _aGood morning, Holy Spirit /
_cBenny Hinn.
260 _aSecunderabad :
_bBen publishing,
_cc2003.
300 _a177 p. ;
_c22 cm.
500 _aoriginally published by Thomas nelson Inc.
600 1 0 _aHinn, Benny.
650 0 _aPentecostal churches
_zUnited States
_xClergy
_vBiography.
650 0 _aEvangelists
_zUnited States
_vBiography.
650 0 _aHoly Spirit.
906 _a7
_bcbc
_corignew
_d1
_eocip
_f19
_gy-gencatlg
942 _2ddc
_cBK
_01
999 _c451
_d451